Vývoj legislatívnych požiadaviek a problematiky energetického štítkovania prístrojov pre domácnosť
Zavádzanie najzávažnejšej účinnosti aktuálnej európskej legislatívy, týkajúcej sa ekodizajnu, energetickej účinnosti a najmä energetického štítkovania a nariadení v oblasti prístrojov pre domácnosť so zameraním na elektrické spotrebiče.
Guardado en:
| Autor principal: | |
|---|---|
| Otros Autores: | |
| Formato: | Capítulo de libro |
| Lenguaje: | eslovaco |
| Materias: | |
| Etiquetas: |
Sin Etiquetas, Sea el primero en etiquetar este registro!
|
MARC
| LEADER | 00000naa$a2200000$$$4500 | ||
|---|---|---|---|
| 001 | 0088429 | ||
| 005 | 20240502072006.6 | ||
| 041 | 0 | |a slo | |
| 044 | |a SK | ||
| 245 | 1 | 0 | |a Vývoj legislatívnych požiadaviek a problematiky energetického štítkovania prístrojov pre domácnosť |c Ľubica Knošková, Martin Ciran |
| 520 | |a Zavádzanie najzávažnejšej účinnosti aktuálnej európskej legislatívy, týkajúcej sa ekodizajnu, energetickej účinnosti a najmä energetického štítkovania a nariadení v oblasti prístrojov pre domácnosť so zameraním na elektrické spotrebiče. | ||
| 610 | 2 | 0 | |a legislatíva |
| 610 | 2 | 0 | |a Európska únia |
| 610 | 2 | 0 | |a harmonizácia |
| 610 | 2 | 0 | |a certifikácia |
| 610 | 2 | 0 | |a normy technické |
| 610 | 2 | 0 | |a ekológia |
| 610 | 2 | 0 | |a elektronika spotrebná |
| 100 | 1 | |a Knošková, Ľubica, 1965- | |
| 700 | 1 | |a Ciran, Martin | |